| 000 | 00441pab a2200157 454500 | ||
|---|---|---|---|
| 008 | 180718b2011 xxu||||| |||| 00| 0 eng d | ||
| 100 | _aKay, Adrian | ||
| 245 | _aEvidence-based policy-making: The elusive search for rational public administration | ||
| 260 | _c2011 | ||
| 300 | _ap.236-245. | ||
| 362 | _aSep | ||
| 650 | _aPublic administration | ||
| 773 | _aAustralian Journal of Public Administration | ||
| 908 | _aN | ||
| 909 | _a93619 | ||
| 999 |
_c93619 _d93619 |
||